000 00762cab a2200217 4500
001 WB2911-45
008 090401t1993 xxu||||| |||| 00| 0 eng d
035 _a(Sirsi) u72449
041 _aeng
245 _aGround rent hurdle
260 _c1993
350 _a0
490 _aTimes
_v13 March 1993, 31(1)
520 _aThe passing of the Housing and Urban Development Bill through the House of Lords may mean that leaseholders paying high ground rents will be prevented from buying their freeholds.
650 _aGROUND RENTS
650 _aHOUSING AND URBAN DEVELOPMENT BILL
650 _aLEASEHOLD ENFRANCHISEMENT
690 _aPROPERTY-RESIDENTIAL PROPERTY-RESIDENTIAL LANDLORD AND TENANT-RESIDENTIAL TENANCIES
942 _n0
948 _c04/03/1997
999 _c45780
_d45780